000 00801nam a2200241 c 4500
999 _c9878
_d9878
003 BLK
005 20220210091335.0
008 180412b bul|||||r ||||||| ||bul||
010 _aKNG00011318000
040 _aBLK
041 _aENG
_cENG
080 _aУниверситети
_b378.4
_x(497.215)
_z378.4(497.215)
139 _aHigher institute for machinebuilding mecanisation and electrification of agriculture - Rousse
_bH 65
245 1 0 _aHigher institute for machinebuilding mecanisation and electrification of agriculture - Rousse
257 _aBGR
260 _c1971
380 _a3
852 _aЦб 60572
852 _aК 378/H 65 I
856 4 _qpdf
_u
856 4 _qpdf
_u
942 _cKNG
_n0
_s1
944 _aCR
_c28.05.2015
_kВалентина_Караджова
944 _aED
_c29.06.2015
_kВаля_Йорданова
999 _d9878